|
|
|
|
| LEADER |
00000naa2a2200000 4500 |
| 001 |
180205 |
| 005 |
20231031170653.0 |
| 035 |
|
|
|a (RuTPU)RU\TPU\book\195355
|
| 090 |
|
|
|a 180205
|
| 100 |
|
|
|a 20100512d2007 k y0rusy50 ca
|
| 101 |
0 |
|
|a rus
|
| 102 |
|
|
|a RU
|
| 200 |
1 |
|
|a Современные способы проведения горноразведочных выработок с помощью скреперных установок
|f И. Т. Гарипов
|g науч. рук. В. Г. Лукьянов
|
| 463 |
|
0 |
|0 (RuTPU)RU\TPU\book\140171
|y 5-89503-079-3
|t Проблемы геологии и освоения недр
|o [сборник]
|o труды XI Международного симпозиума имени академика М. А. Усова студентов и молодых учёных, посвященного 80-летию академика, Президента международного горного конгресса, Лауреата государственной премии СССР М. И. Щадову
|f Томский политехнический университет (ТПУ), Институт геологии и нефтегазового дела
|v С. 532-535
|d 2007
|p 764 с.
|
| 610 |
1 |
|
|a горноразведочные выработки
|
| 610 |
1 |
|
|a скреперные установки
|
| 610 |
1 |
|
|a скреперные комплексы
|
| 610 |
1 |
|
|a труды учёных ТПУ
|
| 700 |
|
1 |
|a Гарипов
|b И. Т.
|
| 702 |
|
1 |
|a Лукьянов
|b В. Г.
|c горный инженер
|c профессор Томского политехнического университета, доктор технических наук
|f 1930-
|g Виктор Григорьевич
|2 stltpush
|4 727
|
| 801 |
|
1 |
|a RU
|b 63413507
|c 20100512
|
| 801 |
|
2 |
|a RU
|b 63413507
|c 20130516
|g RCR
|
| 942 |
|
|
|c BK
|